Boudewijn Seapark Alle Attracties - Statistieken

Algemene statistieken
  • Deze quiz is 9 keer genomen
  • De gemiddelde score is 13 van 28
Antwoordstatistieken
Nr. Antwoord % Correct
Outdoor Carrousel
100%
Outdoor Orca Ride
100%
Outdoor Autoscooters
83%
Outdoor Oldtimers
83%
Outdoor Treintje
83%
Outdoor Paardenbaan
67%
Outdoor SpringRide
67%
Outdoor Waterglijbaan
67%
Outdoor Wave-Swinger
67%
Outdoor Bobo's Aquasplash
50%
Outdoor Calimero
50%
Outdoor Dolfi-Swing
50%
Outdoor Hurricane
50%
Outdoor Mini Golf
50%
Outdoor Sancta Maria
50%
Outdoor Bobo's Mini Farm
33%
Bobo's Indoor Bobo's Toren
33%
Outdoor Kiddy Fun
33%
Outdoor Kids Island
33%
Bobo's Indoor Springkasteel
33%
Bobo's Indoor Ballenbad
17%
Bobo's Indoor Bobo's Disco
17%
Bobo's Indoor Dolfi Challenge
17%
Bobo's Indoor Klimvulkaan
17%
Bobo's Indoor Mini Autoscooters
17%
Bobo's Indoor Mini Wave-Swinger
17%
Bobo's Indoor Playland
17%
Bobo's Indoor Survival
17%
Geen overeenkomende quizzen gevonden
Scoreverdeling
Procent van Mensen met Elke Score
Percentiel versus Aantal Correcte Antwoorden
Uw Scoregeschiedenis
U heeft deze quiz nog niet genomen